Gentilés du Grand Paris - Statistiques

Statistiques générales
  • Ce quiz a été pris 68 fois
    67 depuis la dernière actualisation
  • Le résultat moyen est 19 sur 129
Statistiques - réponses
Hint Réponse % Correct
Paris Parisiens
100%
Pantin Pantinois
43%
Vincennes Vincennois
43%
Châtillon Châtillonnais
36%
Colombes Colombiens
36%
Meudon Meudonnais
36%
Nogent-sur-Marne Nogentais
34%
Sevran Sevranais
34%
Saint-Denis Dionysiens
32%
Nanterre Nanterriens
32%
Charenton-le-Pont Charentonnais
30%
Clamart Clamartois
30%
Antony Antoniens
29%
Chaville Chavillois
29%
Fresnes Fresnois
29%
Montreuil-sous-Bois Montreuillois
29%
Coubron Coubronnais
27%
Garches Garchois
27%
Levallois-Perret Levalloisiens
27%
Chlichy-la-Garenne | Clichy-sous-Bois Clichois
25%
Suresnes Suresnois
25%
Villepinte Villepintois
25%
Asnières-sur-Seine Asniérois
23%
Boulogne-Billancourt Boulonnais
23%
Joinville-le-Pont Joinvillais
23%
Romainville Romainvillois
23%
Aulnay-sous-Bois Aulnaysiens
21%
Bois-Colombes Bois-Colombiens
21%
Cachan Cachanais
21%
Les Lilas Lilasiens
21%
Arcueil Arcueillais
20%
Argenteuil Argenteuillais/Argentoliens
20%
Le Kremlin-Bicêtre Kremlinois
20%
Rungis Rungissois
20%
Sèvres Sévriens
20%
Vaucresson Vaucressonnais
20%
Villemomble Villemomblois
20%
La Courneuve Courneuviens
18%
Gentilly Gentilléens/Gentilliens
18%
Ivry-sur-Seine Ivryens
18%
Montrouge Montrougiens
18%
Neuilly-sur-Seine Neuilléens
18%
Alfortville Alfortvillais
16%
Créteil Cristoliens
16%
Fontenay-sous-Bois Fontenaysiens
16%
Gennevilliers Gennevillois
16%
Juvisy-sur-Orge Juvisiens
16%
Pierrefitte-sur-Seine Pierrefittois
16%
Bagnolet Bagnoletais
14%
Le Blanc-Mesnil Blanc-Mesnilois
14%
Bonneuil sur Marne Bonneuillois
14%
Drancy Drancéens
14%
Ormesson-sur-Marne Ormessonnais
14%
Puteaux Putéoliens
14%
Rueil-Malmaison Rueillois
14%
Santeny Santenois
14%
Thiais Thiaisiens
14%
Tremblay-en-France Tremblaysiens
14%
Valenton Valentonais
14%
Villejuif Villejuifois
14%
Ablon-sur-Seine Ablonais
13%
Saint-Cloud Clodoaldiens
13%
Courbevoie Courbevoisiens
13%
Fontenay-aux-Roses Fontenaisiens
13%
Marolles-en-Brie Marollais
13%
Montfermeil Montfermeillois
13%
Morangis Morangissois
13%
Saint-Mandé Saint-Mandéens
13%
Villeneuve-Saint-Georges | Villeneuve-le-Roi Villeneuvois
13%
Vitry-sur-Seine Vitriots
13%
Aubervilliers Albertivillariens
11%
Saint-Ouen-sur-Seine Audoniens
11%
Bobigny Balbyniens
11%
Limeil-Brévannes Brévannais
11%
Neuilly-Plaisance | Neuilly-sur-Marne Nocéens
11%
Noiseau | Noisy-le-Grand | Noisy-le-Sec Noiséens
11%
Orly Orlysiens
11%
Stains Stanois
11%
Villetaneuse Villetaneusiens
11%
Bondy Bondynois
9%
Chevilly-Larue Chevillais
9%
La Garenne-Colombes Garennois
9%
Le Pré-Saint-Gervais Gervaisiens
9%
Issy-les-Moulineaux Isséens
9%
Maisons-Alfort Maisonnais
9%
Les Pavillons-sous-Bois Pavillonnais
9%
Bourg-la-Reine Réginaburgiens
9%
Saint-Maur-des-Fossés Saint-Mauriens
9%
Boissy-Saint-Léger Boisséens
7%
Gournay-sur-Marne Gournaysiens
7%
Malakoff Malakoffiots/Malakovites
7%
Saint-Maurice Mauritiens
7%
Le Plessis-Robinson Robinsonnais
7%
Rosny-sous-Bois Rosnéens
7%
Sceaux Scéens
7%
Vanves Vanvéens
7%
Villecresnes Villecresnois
7%
Champigny-sur-Marne Campinois/Campiniens
5%
Châtenay-Malabry Châtenaisiens
5%
Choisy-le-Roi Choisyens
5%
Marnes-la-Coquette Marnois
5%
Paray-Vieille-Poste Paraysiens
5%
Le Perreux-sur-Marne Perreuxiens
5%
Le Raincy Raincéens
5%
Épinay-sur-Seine Spinassiens
5%
Bagneux Balnéolais
4%
Chennevières-sur-Marne Canavérois
4%
L'Haÿ-les-Roses L'Hayssiens
4%
Livry-Gargan Livryens
4%
Savigny-sur-Orge Saviniens
4%
Sucy-en-Brie Sucyciens
4%
Villeneuve-la-Garenne Villénogarennois
4%
Athis-Mons Athégiens
2%
Le Bourget Bourgetins
2%
Viry-Châtillon Castelvirois
2%
Dugny Dugnysiens
2%
Le Plessis-Trévise Plesséens
2%
Vaujours Valjoviens
2%
La Queue-en-Brie Caudaciens
0%
Ville d'Avray Dagovéraniens
0%
Gagny Gabiniens
0%
Mandres-les-Roses Mandrions
0%
Périgny-sur-Yerres Pérignons
0%
Villiers-sur-Marne Villérains
0%
Aucun quiz correspondant
Distribution des résultats
% des personnes avec chaque résultat
Percentile par nombre de réponses
Votre historique - résultats
Vous n’avez pas pris ce quiz depuis la dernière actualisation